Odas

Uloženo v:
Podrobná bibliografie
Hlavní autoři: Iommi Marini, Godofredo Tito (autor), Emilfork T., Leonidas (Autor)
Médium: Kniha
Jazyk:španělština
Vydáno: Valparaíso Ediciones Universitarias de Valparaíso 1970
Vydání:1a. ed
Témata:
Tagy: Přidat tag
Žádné tagy, Buďte první, kdo vytvoří štítek k tomuto záznamu!

MARC

LEADER 00000nam a2200000 a 4500
001 UCJ4722
003 CL-VaPUC
008 070124e19700000CL |||||||||||||||||spa|d
082 0 4 |a Ch861  |b IOM  |2 21 
100 |a Iommi Marini, Godofredo Tito  |e autor  |9 857986 
700 0 |a Emilfork T., Leonidas  |e author  |9 508917 
245 1 0 |a Odas 
250 |a 1a. ed 
300 |a 99 p 
942 |c BK 
945 |d 20070124 00:00:00  |a rinostro 
260 |a Valparaíso  |b Ediciones Universitarias de Valparaíso  |c 1970 
600 0 7 |a EDICIONES UNIVERSITARIAS DE VALPARAISO  |2 CL-VaPUC  |9 504560 
650 0 |a Poesía chilena   |9 268403 
583 |a last modification  |c 20070124 00:00:00  |k Rodrigo Vera 
999 |c 320838  |d 320836 
952 |0 0  |1 0  |4 0  |6 CH_861_000000000000000_IOM_1970  |7 0  |8 X  |9 399443  |a FDOBUD  |b FDOBUD  |d 2019-11-22  |i 1024795  |o Ch861 IOM 1970  |p 1024795  |r 2019-11-22  |w 2019-11-22  |y BK_X  |k FHP